000 00387nam a22001697a 4500
003 MPLRDC
005 20220104124547.0
008 210129b ||||| |||| 00| 0 eng d
020 _a981-217-102-9
082 _a859.4 HS v.1
100 _a胡霜著
245 _a皮皮学医
_c
260 _a
_b胜友书局
_c
300 _b
650 _a儿童故事
942 _cBK
_o859.4 HS v.1
999 _c20322
_d20312